Logo BPK

Biblioteka

Politechniki Koszalińskiej

Reljativistskaja kvantovaja teorija. (Rekord nr 47194)

Szczegóły MARC
000 -ETYKIETA REKORDU
podpole kontrolne o stałej długości 00436nam a2200157 i 4500
001 - NUMER KONTROLNY REKORDU
pole kontrolne bg
040 ## - ŹRÓDŁO KATALOGOWANIA
Instytucja, która utworzyła rekord BPK
041 ## - KOD JĘZYKA
Kod języka tekstu pol
080 ## - UNIWERSALNA KLASYFIKACJA DZIESIĘTNA - UKD
UKD 530.145
008 - POLE O STAŁEJ DŁUGOŚCI - DANE KONTROLNE
podpole kontrolne o stałej długości s pl f |000 0 pol
100 1# - NAZWA OSOBOWA
Nazwa osobowa BJORKEN, James D.
245 #0 - TYTUŁ/ODPOWIEDZIALNOŚĆ
Tytuł Reljativistskaja kvantovaja teorija.
Oznaczenie części/sekcji dzieła T. 2,
Tytuł części/sekcji dzieła Reljativistskie kvanotovye polja /
Pozostałe elementy strefy tytułu i oznaczenia odpowiedzialności James D. Bjorken, Sidney D. Drell.
260 ## - STREFA ADRESU WYDAWNICZEGO
Miejsce wydania Moskva,
Data publikacji, dystrybucji/powstania dokumentu 1978.
700 1# - HASŁO DODATKOWE - NAZWA OSOBOWA
Nazwa osobowa DRELL, Sidney D.
856 ## - LOKALIZACJA I DOSTĘP DO ELEKTRONICZNYCH DOKUMENTÓW ZDALNYCH
Link (URL) http://koha.tu.koszalin.pl/cgi-bin/koha/opac-detail.pl?biblionumber=47194
Tekst linku Katalog online BPK
942 ## - DODATKOWE ELEMENTY (KOHA)
Typ dokumentu Książka
Egzemplarze
Wycofany Status egzemplarza Uszkodzony Dostępność Lokalizacja stała Lokalizacja bieżąca Miejsce przechowywania Sygnatura Kod kreskowy Typ dokumentu
      Dostępny Biblioteka Politechniki Koszalińskiej Biblioteka Politechniki Koszalińskiej Wypożyczalnia BG 25576/2 01679489 Książka
© 2023 Biblioteka Politechniki Koszalińskiej :: KOHA